|
|
|
|
| LEADER |
02142nam a2200565 a 4500 |
| 001 |
nkc20102149858 |
| 003 |
CZ PrNK |
| 005 |
20110207082218.0 |
| 007 |
ta |
| 008 |
101214s2010 xr a e c 000 0dcze |
| 015 |
|
|
|a cnb002149858
|
| 020 |
|
|
|a 978-80-87303-14-6
|q (Galerie Dolmen ;
|q brož.)
|
| 035 |
|
|
|a (OCoLC)703549506
|
| 040 |
|
|
|a ABA001
|b cze
|
| 041 |
1 |
|
|a cze
|a eng
|h cze
|
| 043 |
|
|
|a e-xr---
|
| 045 |
|
|
|a y0y1
|
| 072 |
|
7 |
|a 72/76
|x Výtvarné umění
|2 Konspekt
|9 21
|
| 080 |
|
|
|a 72/76(437.3)
|2 MRF
|
| 080 |
|
|
|a 7.036/.038
|2 MRF
|
| 080 |
|
|
|a (437.3)
|2 MRF
|
| 080 |
|
|
|a (083.824)
|2 MRF
|
| 100 |
1 |
|
|a Bauer, Michal,
|d 1969-
|7 jo2002112423
|4 art
|4 wfw
|
| 245 |
1 |
0 |
|a Michal Bauer :
|b doteky = touches /
|c [texty Jiří Valoch a Michal Bauer ; překlad Sylva Ficová]
|
| 246 |
3 |
0 |
|a Doteky
|
| 246 |
3 |
0 |
|a Touches
|
| 260 |
|
|
|a [Praha] :
|b Galerie Dolmen :
|b M. Bauer,
|c [2010]
|
| 300 |
|
|
|a [72] s. :
|b barev. il. ;
|c 24 cm
|
| 500 |
|
|
|a Název z obálky
|
| 500 |
|
|
|a Vydáno při příležitosti samostatné výstavy v Galerii Dolmen Opatovická v Praze (23.9-22.10.2010)
|
| 500 |
|
|
|a Životopisná data, přehled výstav a zastoupení ve sbírkách
|
| 500 |
|
|
|a 600 výt.
|
| 546 |
|
|
|a Souběžný anglický text
|
| 600 |
1 |
7 |
|a Bauer, Michal,
|d 1969-
|7 jo2002112423
|2 czenas
|
| 648 |
|
7 |
|a 21. století
|7 ch460559
|2 czenas
|
| 648 |
|
4 |
|a 2002-2010
|
| 650 |
0 |
7 |
|a české výtvarné umění
|7 ph116865
|y 21. století
|2 czenas
|
| 650 |
0 |
7 |
|a moderní umění
|7 ph115340
|z Česko
|2 czenas
|
| 650 |
0 |
9 |
|a Czech art
|y 21st century
|2 eczenas
|
| 650 |
0 |
9 |
|a modern art
|z Czechia
|2 eczenas
|
| 655 |
|
7 |
|a katalogy výstav
|7 fd132536
|2 czenas
|
| 655 |
|
9 |
|a exhibition catalogs
|2 eczenas
|
| 700 |
1 |
|
|a Valoch, Jiří,
|d 1946-
|7 jn19992010336
|4 wfw
|
| 710 |
2 |
|
|a Galerie Dolmen (Praha, Česko)
|7 mzk2008482974
|
| 856 |
4 |
1 |
|u http://www.digitalniknihovna.cz/mzk/uuid/uuid:c9b11040-05a4-11e8-b1a1-005056827e52
|y Digitalizovaný dokument
|x NDK
|
| 910 |
2 |
|
|a BOA001
|b 2-1254.425
|
| 990 |
|
|
|a BK
|
| 995 |
|
|
|a 01
|
| 991 |
|
|
|b 201101
|c NOV
|e n
|
| 996 |
6 |
|
|b 2610456562
|c 2-1254.425
|l MZK
|r Sklad / do 1 hodiny
|n 0
|p p.v.
|w 001161567
|u 000010
|a 1
|e BOA001
|j MZK50
|s P
|